Úspech úsilí

Bibliographic Details
Main Author: -oj- (Author)
Format: Article
Language:Slovak
Subjects:

MARC

LEADER 00000nab a2200000 a 4500
001 vtls000183280
003 SK-MaSNL
005 20260303194832.0
008 111106c1984 xo 0 slo
015 |a SNBRB19rr/mm-uuuuu 
035 |a CL0193393 
040 |a SNKBUCL  |b slo  |c SNKBUCL  |e AACR2 
041 0 |a slo 
044 |a xo  |c SK 
080 |a 82:061.7  |2 1981 
080 |a 061.7  |2 1981 
080 |a 82  |2 1981 
080 |a 655.4  |2 1981 
080 |a 885.4  |2 1981 
100 1 |a -oj-  |4 aut  |9 924469 
245 1 0 |a Úspech úsilí  |c -oj- 
300 |b Fot. 3. 
610 2 7 |a Vydavateľstvo Smena  |2 snkbucl  |9 57552 
650 0 7 |a Dni Smeny 1984, Partizánske  |2 snkbucl  |9 1227276 
650 0 7 |a literárne ceny  |2 snkbucl  |9 72846 
651 7 |a 5209  |2 snkbucl  |9 278890 
655 7 |a články z novín a časopisov  |2 snkbucl  |9 267496 
655 7 |a články z odboru literárna veda a krásna literatúra  |2 snkbucl  |9 770045 
773 0 |t Hlas ľudu  |g Roč. 30, č. 84 (7. 4. 1984), s. /4/ 
850 |a Slovenská národná knižnica v Martine  |a MTA001 
852 |a SNK  |b KIS3GCP 
958 |a RK 
958 |a LX 
992 |a RBX 
999 |c 2159752  |d 2161682